[Event "Commonwealth-ch"]
[Site "Mumbai"]
[Date "2003.04.26"]
[Round "9"]
[White "Intykhap, Alam M"]
[Black "Meenakshi, Subbaraman"]
[Result "1/2-1/2"]
[WhiteElo "2155"]
[BlackElo "2297"]
[PlyCount "62"]
[EventDate "2003.04.20"]
[EventType "swiss"]
[EventRounds "10"]
[EventCountry "IND"]
[SourceTitle "CBM 093 Extra"]
[Source "ChessBase"]
[SourceDate "2003.05.09"]
[SourceVersion "1"]
[SourceVersionDate "2003.05.09"]
[SourceQuality "1"]

1. e4 e5 2. Nf3 Nf6 3. Nxe5 d6 4. Nf3 Nxe4 5. d4 d5 6. Bd3 Be7 7. 0-0 Nc6 8. c4 Nb4 9. Be2 Be6 10. Nc3 0-0 11. c5 Nc6 12. Re1 f5 13. Bb5 Nb8 14. Qb3 c6 15. Bd3 Qc8 16. a4 a5 17. Bf4 Na6 18. Bxa6 Rxa6 19. Rad1 g5 20. Be5 Bf7 21. Nd2 h6 22. f3 Nxc3 23. Qxc3 b5 24. b3 Re8 25. Ra1 Qb7 26. Qd3 Qd7 27. f4 g4 28. Nf1 Bg6 29. Re2 Raa8 30. Rae1 Bf8 31. Ne3 Kf7 1/2-1/2